Capitales avec la lettre U comme deuxième lettre - Statistiques

Statistiques générales
  • Ce quiz a été pris 1 153 fois
  • Le résultat moyen est 9 sur 16
Statistiques - réponses
Capitale % Correct
Budapest
64%
Dublin
64%
Bucarest
63%
Tunis
61%
Luanda
60%
Guatemala
57%
Oulan-Bator
57%
Quito
57%
Luxembourg
56%
Buenos Aires
55%
Lusaka
55%
Kuala Lumpur
51%
Suva
49%
Funafuti
47%
Ouagadougou
42%
Nukuʻalofa
29%
Aucun quiz correspondant
Distribution des résultats
% des personnes avec chaque résultat
Percentile par nombre de réponses
Votre historique - résultats
Vous n’avez pas pris ce quiz